000 002680000a22000970004500
100 1 _aCanclini, Arnoldo
245 1 0 _aLa Biblia como historia
300 _aVol.60, núm.277 (Noviembre, diciembre, 2005), Páginas 6-7
773 0 _tLa Biblia de las Américas
942 _cANA
999 _c61618
_d61618